Spectra (Record no. 118752)
[ view plain ]
| 000 -LEADER | |
|---|---|
| fixed length control field | 00774cas a22002175a 4500 |
| 001 - CONTROL NUMBER | |
| control field | L118660 |
| 008 - FIXED-LENGTH DATA ELEMENTS--GENERAL INFORMATION | |
| fixed length control field | 020703d20012005xxkqr p 0 a0eng u |
| 035 ## - SYSTEM CONTROL NUMBER | |
| System control number | (Sirsi) u118660 |
| 041 ## - LANGUAGE CODE | |
| Language code of text/sound track or separate title | eng |
| 110 2# - MAIN ENTRY--CORPORATE NAME | |
| Corporate name or jurisdiction name as entry element | Management Consultancies Association |
| 9 (RLIN) | 516 |
| 245 00 - TITLE STATEMENT | |
| Title | Spectra |
| Remainder of title | The Journal of the Management Consultancies Association |
| 260 ## - PUBLICATION, DISTRIBUTION, ETC. | |
| Place of publication, distribution, etc. | London |
| Name of publisher, distributor, etc. | MCA |
| Date of publication, distribution, etc. | 2001-2005 |
| 362 0# - DATES OF PUBLICATION AND/OR SEQUENTIAL DESIGNATION | |
| Dates of publication and/or sequential designation | Spring 2002-Spring 2005 |
| 520 ## - SUMMARY, ETC. | |
| Summary, etc. | Kept for five years |
| 520 ## - SUMMARY, ETC. | |
| Summary, etc. | All issues of Spectra are available to download from www.mca.org.uk. |
| 554 ## - | |
| -- | Four per year |
| 651 #4 - SUBJECT ADDED ENTRY--GEOGRAPHIC NAME | |
| Geographic name | United Kingdom |
| Chronological subdivision | |
| 690 ## - LOCAL SUBJECT ADDED ENTRY--TOPICAL TERM (OCLC, RLIN) | |
| Topical term or geographic name as entry element | MANAGEMENT-BUSINESS MANAGEMENT |
| 856 41 - ELECTRONIC LOCATION AND ACCESS | |
| Uniform Resource Identifier | <a href="https://www.mca.org.uk/MCA/Publications/Spectra.aspx">https://www.mca.org.uk/MCA/Publications/Spectra.aspx</a> |
| Public note | View all issues of Spectra online at www.mca.org.uk... |
| 942 ## - ADDED ENTRY ELEMENTS (KOHA) | |
| Suppress in OPAC | 0 |
| Withdrawn status | Lost status | Source of classification or shelving scheme | Damaged status | Not for loan | Home library | Current library | Shelving location | Date acquired | Total Checkouts | Full call number | Barcode | Date last seen | Price effective from | Koha item type |
|---|---|---|---|---|---|---|---|---|---|---|---|---|---|---|
| Dewey Decimal Classification | London | London | Gallery | 06/05/2005 | SPECTRA | 118660-1001 | 06/08/2019 | 06/08/2019 | Journal |